Movies Quiz

Random Movies or Clickable Quiz

It'd Have Been a Shorter Movie If... Quiz Stats

 Plays Quiz Updated Feb 22, 2018

Score 0/25 Timer 05:00
4 Plays Today
% Correct
Jaws
96.1%
Jurassic Park
95.9%
Lord of the Rings: The Fellowship of the Ring
95.9%
Kong: Skull Island
95.5%
Home Alone
95.3%
Spider-Man
95.2%
Back to the Future
94.8%
Raiders of the Lost Ark
94.6%
Titanic
92.9%
Saving Private Ryan
92.7%
Rocky
91.8%
Star Wars
91.7%
Friday the 13th
89.8%
% Correct
The Godfather
89.2%
Alien
88%
The Fast and the Furious
87.7%
National Lampoon's Vacation
86.5%
The Patriot
85.2%
Dr. No
85%
The Graduate
84.1%
Pulp Fiction
84.1%
Dumb and Dumber
83%
The Blues Brothers
79%
Kingpin
77.6%
Star Trek II: The Wrath of Khan
74.6%

You're not logged in!

Compare scores with friends on all Sporcle quizzes.
OR
Log In

Show Comments

Extras

Top Quizzes Today


Score Distribution

Your Account Isn't Verified!

In order to create a playlist on Sporcle, you need to verify the email address you used during registration. Go to your Sporcle Settings to finish the process.

Report this User

Report this user for behavior that violates our Community Guidelines.

Details: